Представление документа в формате RUSMARC

ПолеНазваниеЗначение
  Тип записи a
  Библиографический уровень c
001 Контрольный номер RU/SLIB/B/208732715
005 Дата корректировки 20201206204028.0
010 Индекс ISBN __
d Цена 1-20
101 Язык документа __
a Язык текста rus
200 Заглавие и сведения об ответственности __
a Заглавие Советская прокуратура
e Сведения, относящиеся к заглавию сб. док.
b Общее обозначение материала Текст
210 Выходные данные __
a Место издания М.
c Издательство Юрид. лит.
d Дата издания 1981
215 Физическое описание __
a Объем 288 с.
606 Тематические рубрики __
a Основная рубрика Право
a Основная рубрика Прокуратура
y Географическая подрубрика СССР; Россия
610 Ключевые слова __
a Ключевые слова законодательство; прокуроры; следователи; аресты; преступления
686 Индексы других классификаций __
a Классификационный индекс 67.72(2)-1; ст67.7
801 Источник записи _0
a Страна RU
b Организация Муниципальное бюджетное учреждение культуры "Централизованная библиотечная система" г. Сургут (Центральная городская библиотека им. А. С. Пушкина)
g Правила каталогизации КиК/Уланова
801 Источник записи _1
a Страна RU
b Организация Муниципальное бюджетное учреждение культуры "Централизованная библиотечная система" г. Сургут (Центральная городская библиотека им. А. С. Пушкина)
g Правила каталогизации КиК/Уланова
852 Данные о местонахождении __
j Шифр хранения 67.72(2)-1
c Каталожный индекс 67.72(2)-3
i Авторский знак С 56
p Инвентарный номер 7403
901 Тип документа __
t Тип документа x
969 Тип издания __
a Тип издания сборник
990 Данные о заказе (DOS) __
j Количество экземпляров (DOS) 1